| 000 | 01122cam a2200277 a 4500 | ||
|---|---|---|---|
| 001 | 16631985 | ||
| 005 | 20111018110746.0 | ||
| 008 | 110127s2012 moua b 001 0 eng | ||
| 020 | _a9780323077392 | ||
| 020 | _a0323077390 | ||
| 040 |
_aDNLM/DLC _cDLC _dYDX _dNLM _dININE _dYDXCP _dVET _dDLC |
||
| 082 | 0 | 0 |
_a617.9178 _222 _bBRO |
| 100 | 1 |
_aBrooks Tighe, Shirley M., _d1939- _928917 |
|
| 245 | 1 | 0 |
_aInstrumentation for the Operating Room : _ba Photographic Manual / _cShirley M. Tighe. |
| 250 | _a8th ed. | ||
| 260 |
_aSt. Louis, Mo. : _bElsevier/Mosby, _cc2012. |
||
| 300 |
_axvi, 335 p. : _bcol. ill. ; _c28 cm. |
||
| 504 | _aIncludes bibliographical references and index. | ||
| 650 | 0 |
_aSurgical instruments and apparatus _vAtlases. _928918 |
|
| 650 | 0 |
_aOperating room nursing. _928919 |
|
| 650 | 1 | 2 |
_aSurgical Instruments _vAtlases. _928920 |
| 653 |
_bNUR _cFebruary2012 |
||
| 942 |
_2ddc _cNRB |
||
| 999 |
_c16465 _d16465 |
||